000 01732 a2200397 4500
001 23770253
003 0000
005 20251013151402.0
008 240710s2025 nyu b 001 0 eng
010 _a 2024027879
020 _a9781032264752
035 _a23770253
040 _aDLC
_beng
_erda
_cDLC
_dDLC
042 _apcc
050 0 0 _aHV 873 .M75
082 0 0 _a362.73/3
_223/eng/20241121
100 1 _aMosier-Puentes, Miranda,
_eauthor.
245 1 0 _aAging out of the foster system
_byouths' perspectives/
_cMiranda Mosier-Puentes and Marcelo Diversi.
263 _a2501
264 1 _aNew York, NY :
_bRoutledge,
_c2025.
300 _axiii, 148p.
336 _atext
_btxt
_2rdacontent
337 _aunmediated
_bn
_2rdamedia
338 _avolume
_bnc
_2rdacarrier
504 _aIncludes bibliographical references and index.
520 _a"By centering the experiences of youths in these contexts and attending to the larger forces at work, this book helps connect the dots between youth aging out of the foster care system, social workers in Independent Living Programs, and the professors and scholars teaching the next generations of professionals working to support the aging out process"--
_cProvided by publisher.
650 0 _aFoster children.
650 0 _aEx-foster children.
650 0 _aFoster home care.
650 0 _aYouth
_xServices for.
700 1 _aDiversi, Marcelo,
_d1967-
_eauthor.
776 0 8 _iOnline version:
_aMosier-Puentes, Miranda.
_tAging out
_dNew York, NY : Routledge, 2025
_z9781003288442
_w(DLC) 2024027880
906 _a7
_bcbc
_corignew
_d1
_eecip
_f20
_gy-gencatlg
942 _2lcc
_cBK
999 _c43739
_d43739